000 00565nam a2200229Ia 4500
005 20260320201455.0
008 008 262003s9999 xx 000 0 eng d
037 _aEBOOK
040 _aCRL
040 _beng
040 _cCRL
041 _2eng
041 _aeng
084 _qCRL
100 _aRedman
245 0 _aResearch Misconduct Policy in Biomedicine: Beyond the Bad-Apple Approach
260 _bIEEE
856 _uhttps://ieeexplore.ieee.org/servlet/opac?bknumber=6658632
942 _cEBOOK
999 _c1721467
_d1721467